| 000 | 00437nab a2200145Ia 4500 | ||
|---|---|---|---|
| 003 | ES-SlBCS | ||
| 005 | 20210601124004.0 | ||
| 008 | 140529s1996 xxu||||| |||| 00| 0 eng d | ||
| 041 | _aeng | ||
| 100 | 1 |
_aBrady, James B. _9133089 |
|
| 245 | 0 | 0 |
_aConscious Negligence _c James B. Brady |
| 650 | 0 | 4 |
_aNegligencia Consciente _9133090 |
| 773 | 0 |
_tAmerican Philosophical Quarterly _gvol. 33, nº. 3, 1996, págs. 325-335 _wRev1386 |
|
| 942 | _cAR | ||
| 999 |
_c507384 _d507384 |
||